Filosofía y formación ética y ciudadana 2 /
Guardado en:
| Autor Principal: | |
|---|---|
| Otros Autores: | , |
| Formato: | Libro |
| Publicado: |
Ituzaingó :
Maipue,
2001
|
| Materias: | |
| Etiquetas: |
Agregar Etiqueta
Sin Etiquetas, Sea el primero en etiquetar este registro!
|
| LEADER | 01187nam a22003015a 4500 | ||
|---|---|---|---|
| 001 | CEM.cems010646 | ||
| 005 | 20080506130434.0 | ||
| 008 | 130507s2001##################000#0#####d | ||
| 003 | CEMS | ||
| 020 | |a 9879493036 | ||
| 082 | 0 | 4 | |a Z320 |
| 100 | 1 | |a Eggers Brass, Teresa | |
| 245 | 1 | 0 | |a Filosofía y formación ética y ciudadana 2 / |c Coordinado Por Teresa Eggers-brass , Ivana Costa y Marisa Divenosa |
| 260 | |a Ituzaingó : |b Maipue, |c 2001 | ||
| 300 | |a 214 p. | ||
| 500 | |a Para 2°año Polimodal | ||
| 505 | 0 | |a El problema del conocimiento -- El problema antropológico -- El problema estético -- Aspectos positivos de la vida democrática -- La división de poderes y sus relaciones recíprocas -- Aspectos positivos de los derechos -- Participación popular y próctica política en democracia | |
| 653 | |a Filosofía | ||
| 653 | |a Formación ética y ciudadana | ||
| 653 | |a Formación ética y ciudadana-2°polimodal | ||
| 653 | |a Conocimiento | ||
| 653 | |a Etica | ||
| 653 | |a Derechos | ||
| 653 | |a Democracia | ||
| 653 | |a Constitución | ||
| 700 | 1 | |a Costa, Ivana | |
| 700 | 1 | |a Divenosa, Marisa | |
| 859 | |a CEMS |b BIB. CEMS - 11 de abril |h Z320 |i Eg33 |p 21185.01 |t Ej.1 |v 2º |3 2º | ||
